书目信息 |
| 题名: |
地基处理
|
|
| 作者: | 周京华 主编 | |
| 分册: | ||
| 出版信息: | 成都市 西南交通大学出版社 1997.09 |
|
| 页数: | 208页 | |
| 开本: | 16开 | |
| 丛书名: | ||
| 单 册: | ||
| 中图分类: | TU47 | |
| 科图分类: | ||
| 主题词: | 地基--基础(工程) | |
| 电子资源: | ||
| ISBN: | 7-81057-083-8 | |
| 000 | 00544nam0 2200193 45 | |
| 001 | 0009182062 | |
| 005 | 20000918201025.6 | |
| 010 | @a7-81057-083-8@d16.00元 | |
| 100 | @a20000918d1997 km y0chiy0120 ea | |
| 101 | 0 | @achi |
| 105 | @a z 000yy | |
| 200 | 1 | @a地基处理@ADi Ji Chu Li@f周京华主编@FZhou Jing Hua Zhu Bian |
| 210 | @a成都市@c西南交通大学出版社@d1997.09 | |
| 215 | @a208页@d16开 | |
| 606 | 0 | @a地基@x基础(工程) |
| 690 | @aTU47@v3 | |
| 701 | 0 | @a周京华@4主编 |
| 801 | @aCN@bPftUser@c20000918 | |
| 905 | @b147887-891@dTU47@eZH321@f5 | |
| 地基处理/周京华主编.-成都市:西南交通大学出版社,1997.09 |
| 208页;16开 |
| ISBN 7-81057-083-8:16.00元 |
| ● |
| 相关链接 |
|
|
|
正题名:地基处理
索取号:TU47/ZH321
 
预约/预借
| 序号 | 登录号 | 条形码 | 馆藏地/架位号 | 状态 | 备注 |
| 1 | 147887 | 201478873 | 建筑库101/101建筑库 97排2列2层/ [索取号:TU47/ZH321] | 在馆 | |
| 2 | 147888 | 201478882 | 建筑库101/101建筑库 97排2列2层/ [索取号:TU47/ZH321] | 在馆 | |
| 3 | 147889 | 201478891 | 建筑库101/101建筑库 97排2列2层/ [索取号:TU47/ZH321] | 在馆 | |
| 4 | 147890 | 201478908 | 建筑库101/101建筑库 97排2列2层/ [索取号:TU47/ZH321] | 在馆 | |
| 5 | 147891 | 201478917 | 建筑库101/101建筑库 97排2列2层/ [索取号:TU47/ZH321] | 在馆 |